000 00530nam a2200217Ia 4500
003 OSt
005 20220924134903.0
006 a|||||r|||| 00| 0
007 ta
008 220923b |||||||| |||| 00| 0 ben d
024 _a287655
037 _cTextual
040 _aARTS
_cARTS
_bben
041 _2ben
_aben
082 _aLv1:N, 157J8
100 _aIwal A.
_9209424
245 0 _aChikitsha vigyaner nav aavdan
260 _c1958
942 _hLv1:N, 157J8
_cTEXL
_2CC
999 _c438937
_d438937